Conoscere L'italia Toscana 2

Na minha lista:
Detalhes bibliográficos
Autor principal: Istituto Geofrafico Deagostini
Formato: Livro
Idioma:idioma desconhecido
Publicado em: Istituto Geografico Deagostini
Tags: Adicionar Tag
Sem tags, seja o primeiro a adicionar uma tag!

MARC

LEADER 00000nam a2200000Ia 4500
001 R-1506
003 CODICE-MESSINA
005 20260212102508.0
008 260211s9999 xx 000 0 und d
040 |c importazione_messina 
100 |a Istituto Geofrafico Deagostini 
245 0 |a Conoscere L'italia  
245 0 |b Toscana 2 
260 |b Istituto Geografico Deagostini 
942 |2 ddc  |c BK 
952 |0 0  |1 0  |2 ddc  |4 0  |6 SCAFFALE_14_000000000000000__ARTE  |7 0  |9 32344  |a ME  |b ME  |d 2026-02-11  |l 0  |o SCAFFALE 14 - ARTE  |p R-1506  |r 2026-02-11 23:53:07  |w 2026-02-11  |x [REVISIONARE]  |y BK 
999 |c 28011  |d 28011